[Event "Madrid-ch sf-B"]
[Site "Madrid"]
[Date "2013.03.15"]
[Round "4"]
[White "Vukotic Jovsic, Dragan"]
[Black "Arroyo Fernandez, Francisco J"]
[Result "1-0"]
[WhiteElo "1993"]
[BlackElo "1832"]
[PlyCount "73"]
[EventDate "2013.03.07"]
[EventType "swiss"]
[EventRounds "9"]
[EventCountry "ESP"]
[SourceTitle "CBM 153 Extra"]
[Source "ChessBase"]
[SourceDate "2013.04.22"]
[SourceVersion "1"]
[SourceVersionDate "2013.04.22"]
[SourceQuality "1"]

1. d4 Nf6 2. Nf3 d6 3. Bf4 g6 4. e3 Bg7 5. Be2 0-0 6. 0-0 Nfd7 7. c3 e5 8. Bg5 Qe8 9. dxe5 dxe5 10. Na3 a6 11. e4 Nc5 12. Qc2 Nc6 13. Nc4 Ne6 14. Be3 f5 15. exf5 gxf5 16. Ng5 h6 17. Nxe6 Bxe6 18. Bc5 Rf6 19. f4 e4 20. Ne5 Bf8 21. Bd4 Nxd4 22. cxd4 Bd6 23. Qc3 Rf8 24. Qh3 Bxe5 25. dxe5 Kh7 26. Rac1 Qe7 27. Bc4 Bxc4 28. Rxc4 Rad8 29. Rfc1 c6 30. b4 Rd2 31. a4 Qd7 32. Qb3 Rg8 33. g3 b5 34. axb5 axb5 35. Rxc6 Qd4+ 36. Kh1 e3 37. Qf7+ 1-0

[Event "Madrid-ch sf-B"]
[Site "Madrid"]
[Date "2013.03.07"]
[Round "1"]
[White "Arroyo Fernandez, Francisco J"]
[Black "Sotoca Aguado, Jose"]
[Result "1/2-1/2"]
[WhiteElo "1832"]
[BlackElo "1976"]
[PlyCount "66"]
[EventDate "2013.03.07"]
[EventType "swiss"]
[EventRounds "9"]
[EventCountry "ESP"]
[SourceTitle "CBM 153 Extra"]
[Source "ChessBase"]
[SourceDate "2013.04.22"]
[SourceVersion "1"]
[SourceVersionDate "2013.04.22"]
[SourceQuality "1"]

1. d4 Nf6 2. Nf3 b6 3. c4 Bb7 4. Nc3 e6 5. a3 Be7 6. Bf4 d6 7. e3 0-0 8. Be2 Nbd7 9. h3 Ne4 10. Nxe4 Bxe4 11. 0-0 f5 12. Nd2 Bb7 13. Bf3 Qc8 14. Rc1 e5 15. Bh2 Bf6 16. Qa4 Bxf3 17. Nxf3 c6 18. Rfd1 e4 19. Nd2 Be7 20. b4 Qb7 21. Qb3 Kh8 22. a4 Rac8 23. Ra1 Nf6 24. Nb1 d5 25. Nc3 Qd7 26. Be5 dxc4 27. Qxc4 Nd5 28. Nxd5 cxd5 29. Qb5 Qe6 30. Rdc1 h6 31. Qa6 Qd7 32. a5 Rxc1+ 33. Rxc1 Bd8 1/2-1/2

[Event "Madrid-ch Previa-B"]
[Site "Madrid"]
[Date "2013.02.09"]
[Round "5"]
[White "Arroyo Fernandez, Francisco J"]
[Black "Rodriguez Sebastian, Roberto"]
[Result "1-0"]
[WhiteElo "1840"]
[BlackElo "1670"]
[PlyCount "49"]
[EventDate "2013.02.01"]
[EventType "swiss"]
[EventRounds "9"]
[EventCountry "ESP"]
[SourceTitle "CBM 152 Extra"]
[Source "ChessBase"]
[SourceDate "2013.02.25"]
[SourceVersion "1"]
[SourceVersionDate "2013.02.25"]
[SourceQuality "1"]

1. d4 d6 2. Nf3 Nf6 3. c4 Nbd7 4. Nc3 e5 5. g3 Be7 6. Bg2 0-0 7. 0-0 c6 8. Qc2 Qc7 9. Rd1 Nb6 10. b3 Bg4 11. Bb2 Nbd7 12. Ne4 Bh5 13. Nxf6+ Bxf6 14. dxe5 dxe5 15. Qf5 e4 16. Rxd7 Qxd7 17. Qxd7 Bxb2 18. Rb1 exf3 19. exf3 Ba3 20. Qxb7 c5 21. f4 Bg6 22. Rd1 Bh5 23. Rd7 Rae8 24. Bd5 a5 25. h3 1-0

[Event "Madrid-ch sf-B"]
[Site "Madrid"]
[Date "2012.03.22"]
[Round "1"]
[White "Rodriguez Sanchez, Roberto"]
[Black "Arroyo Fernandez, Francisco J"]
[Result "1-0"]
[WhiteElo "2035"]
[BlackElo "1825"]
[PlyCount "68"]
[EventDate "2012.03.22"]
[EventType "swiss"]
[EventRounds "9"]
[EventCountry "ESP"]
[SourceTitle "EXT 2013"]
[Source "ChessBase"]
[SourceDate "2012.11.22"]
[SourceVersion "1"]
[SourceVersionDate "2012.11.22"]
[SourceQuality "1"]

1. e4 c5 2. Nf3 e6 3. Be2 a6 4. a4 b6 5. 0-0 Bb7 6. Nc3 d6 7. d4 cxd4 8. Nxd4 Nf6 9. f3 Be7 10. Kh1 Qc7 11. Qe1 d5 12. e5 Nfd7 13. f4 Nc6 14. Nxc6 Bxc6 15. Be3 g6 16. Qf2 h5 17. Bf3 Rc8 18. Ne2 Nc5 19. a5 Bb5 20. axb6 Qb8 21. Rfc1 Bxe2 22. Qxe2 Qxb6 23. c4 d4 24. Bxd4 0-0 25. Rc3 Rfd8 26. Bg1 Qb4 27. Bxh5 Kg7 28. Bf3 Nb3 29. Rd1 Rh8 30. Rd7 Bc5 31. Rb7 Nd4 32. Bxd4 Rxh2+ 33. Kxh2 Rh8+ 34. Kg3 Bb6 1-0

[Event "Madrid-ch prel-B"]
[Site "Madrid"]
[Date "2012.02.25"]
[Round "9.8"]
[White "Arroyo Fernandez, Francisco J"]
[Black "Rodriguez del Pino, Daniel"]
[Result "1-0"]
[WhiteElo "1825"]
[BlackElo "1913"]
[PlyCount "61"]
[EventDate "2012.02.02"]
[EventType "swiss"]
[EventRounds "9"]
[EventCountry "ESP"]
[SourceTitle "EXT 2024"]
[Source "ChessBase"]
[SourceDate "2023.10.10"]
[SourceVersion "1"]
[SourceVersionDate "2023.10.10"]
[SourceQuality "1"]

1. d4 d5 2. Bf4 Nf6 3. e3 c6 4. c4 e6 5. a3 Nbd7 6. Nf3 Be7 7. Nbd2 0-0 8. Bd3 c5 9. Ne5 cxd4 10. exd4 dxc4 11. Ndxc4 Nb6 12. Rc1 Nxc4 13. Nxc4 Bd7 14. Ne5 Rc8 15. Rxc8 Qxc8 16. 0-0 Bc6 17. Nxc6 Qxc6 18. Qe2 Bd6 19. Rc1 Qb6 20. Be3 Nd5 21. Bd2 Qxd4 22. g3 Qxb2 23. Rb1 Qxa3 24. Rxb7 Qa1+ 25. Kg2 Qd4 26. Bc1 Nc3 27. Qf3 Nd5 28. Bb2 Qa4 29. Qh5 g6 30. Bxg6 Ne3+ 31. fxe3 1-0

[Event "Madrid-ch prel-B"]
[Site "Madrid"]
[Date "2012.02.24"]
[Round "8.9"]
[White "Hernandez del Can, Jose Alberto"]
[Black "Arroyo Fernandez, Francisco J"]
[Result "0-1"]
[WhiteElo "1726"]
[BlackElo "1825"]
[PlyCount "79"]
[EventDate "2012.02.02"]
[EventType "swiss"]
[EventRounds "9"]
[EventCountry "ESP"]
[SourceTitle "EXT 2024"]
[Source "ChessBase"]
[SourceDate "2023.10.10"]
[SourceVersion "1"]
[SourceVersionDate "2023.10.10"]
[SourceQuality "1"]

1. c4 e5 2. Nc3 d6 3. Nf3 Nf6 4. g3 Be7 5. Bg2 c6 6. d3 Nbd7 7. 0-0 0-0 8. a3 Re8 9. Rb1 Bf8 10. Ng5 h6 11. Nge4 Nh7 12. b4 f5 13. Nd2 Ndf6 14. b5 d5 15. bxc6 bxc6 16. cxd5 cxd5 17. e4 fxe4 18. dxe4 d4 19. Nd5 Be6 20. Nxf6+ Nxf6 21. Re1 Rb8 22. Rxb8 Qxb8 23. Bf1 Rc8 24. Qa4 Qc7 25. Bb2 Qc2 26. Qxc2 Rxc2 27. Bc1 Bxa3 28. Bxa3 Rxd2 29. Bd6 Ng4 30. Be2 d3 31. Bxg4 Bxg4 32. Bxe5 Rc2 33. Bf4 d2 34. Bxd2 Rxd2 35. e5 Rd1 36. Kf1 Rxe1+ 37. Kxe1 Kf7 38. Kd2 Ke6 39. f4 Kd5 40. Kc3 0-1

[Event "Madrid-ch prel-B"]
[Site "Madrid"]
[Date "2012.02.17"]
[Round "6.5"]
[White "Marcos Herrero, Francisco"]
[Black "Arroyo Fernandez, Francisco J"]
[Result "1-0"]
[WhiteElo "1874"]
[BlackElo "1825"]
[PlyCount "113"]
[EventDate "2012.02.02"]
[EventType "swiss"]
[EventRounds "9"]
[EventCountry "ESP"]
[SourceTitle "EXT 2024"]
[Source "ChessBase"]
[SourceDate "2023.10.10"]
[SourceVersion "1"]
[SourceVersionDate "2023.10.10"]
[SourceQuality "1"]

1. d4 Nf6 2. c4 c5 3. d5 e5 4. Nc3 d6 5. g3 Nbd7 6. Bg2 a6 7. a4 g6 8. Nf3 Bg7 9. 0-0 0-0 10. e4 h6 11. Qc2 Kh8 12. Bd2 Nb6 13. b3 Nbd7 14. Nh4 Ng8 15. Bh3 Bf6 16. Nf3 Bg5 17. Nxg5 hxg5 18. Qc1 f6 19. Kg2 Kg7 20. Be6 Ne7 21. h4 Rh8 22. hxg5 f5 23. Rh1 Rxh1 24. Qxh1 Qh8 25. Qh6+ Qxh6 26. gxh6+ Kh7 27. Bg5 Ng8 28. Bxg8+ Kxg8 29. Be7 Kh7 30. Rh1 b6 31. Bxd6 Nf6 32. f3 fxe4 33. fxe4 Bg4 34. Bxe5 Nd7 35. Bd6 Re8 36. e5 Bf5 37. e6 Nf6 38. Rc1 Kxh6 39. Bc7 Kg5 40. Bxb6 Rh8 41. Bxc5 Bh3+ 42. Kf2 Bf5 43. Be7 Re8 44. Bxf6+ Kxf6 45. Ne2 Ke5 46. Ke3 Rb8 47. Nd4 Rh8 48. Rc3 Bg4 49. b4 Rh1 50. Nc6+ Kd6 51. Kd4 Rd1+ 52. Rd3 Re1 53. c5+ Kc7 54. Ne5 Bf5 55. d6+ Kc8 56. e7 Re4+ 57. Kd5 1-0

[Event "Madrid-ch prel-B"]
[Site "Madrid"]
[Date "2012.02.03"]
[Round "2.7"]
[White "Leniz Martinez, Francisco"]
[Black "Arroyo Fernandez, Francisco J"]
[Result "1/2-1/2"]
[WhiteElo "1786"]
[BlackElo "1825"]
[PlyCount "114"]
[EventDate "2012.02.02"]
[EventType "swiss"]
[EventRounds "9"]
[EventCountry "ESP"]
[SourceTitle "EXT 2024"]
[Source "ChessBase"]
[SourceDate "2023.10.10"]
[SourceVersion "1"]
[SourceVersionDate "2023.10.10"]
[SourceQuality "1"]

1. e4 d6 2. d4 c6 3. Nf3 Nf6 4. Nc3 Bg4 5. Be2 Nbd7 6. 0-0 e5 7. Be3 Be7 8. Qd2 Qc7 9. Rad1 a6 10. h3 Bxf3 11. Bxf3 0-0 12. Rfe1 Rfe8 13. d5 c5 14. a4 Rab8 15. Be2 Nf8 16. Ra1 Qa5 17. b3 Qb4 18. Qd3 Bd8 19. Red1 Ba5 20. Bd2 Qd4 21. Be1 Bxc3 22. Bxc3 Qxe4 23. Qxe4 Nxe4 24. Ba5 b6 25. Be1 a5 26. Bb5 Re7 27. f3 Nf6 28. Bh4 Ng6 29. Bg5 h6 30. Be3 Nh5 31. Bd3 Ngf4 32. Be4 Ng3 33. Kf2 Nfh5 34. Re1 f5 35. Bd3 Rf8 36. Kg1 f4 37. Bd2 g5 38. c3 Nf6 39. b4 axb4 40. cxb4 Rc7 41. a5 bxa5 42. bxc5 Rxc5 43. Rxa5 Rxa5 44. Bxa5 Kg7 45. Bc7 Nxd5 46. Bxd6 Nf6 47. Bxe5 Ngh5 48. Ba1 Rf7 49. Rb1 Rd7 50. Bf5 Ra7 51. Bd4 Rc7 52. Re1 Ng3 53. Bb1 Rd7 54. Ba1 Ra7 55. Bc2 Rc7 56. Bb3 Rb7 57. Bd5 Rd7 1/2-1/2

[Event "Madrid-ch prel-B"]
[Site "Madrid"]
[Date "2012.02.02"]
[Round "1.12"]
[White "Arroyo Fernandez, Francisco J"]
[Black "Martin Rodriguez, Jose Luis"]
[Result "1-0"]
[WhiteElo "1825"]
[BlackElo "1463"]
[PlyCount "61"]
[EventDate "2012.02.02"]
[EventType "swiss"]
[EventRounds "9"]
[EventCountry "ESP"]
[SourceTitle "EXT 2024"]
[Source "ChessBase"]
[SourceDate "2023.10.10"]
[SourceVersion "1"]
[SourceVersionDate "2023.10.10"]
[SourceQuality "1"]

1. d4 Nf6 2. Nf3 e6 3. Bf4 d5 4. Nbd2 Bd6 5. e3 Bxf4 6. exf4 0-0 7. Bd3 Nc6 8. c3 Ne7 9. Ne5 Nf5 10. g4 Nd6 11. Qf3 h6 12. g5 hxg5 13. fxg5 Nh7 14. 0-0-0 Qxg5 15. Rhg1 Qf6 16. Qh3 Nf5 17. Rg4 Qh6 18. Qg2 Nf6 19. Rg1 Nxg4 20. Qxg4 a6 21. Kc2 b5 22. Qe2 b4 23. Ndf3 a5 24. Ng4 Qf4 25. Nfe5 Bb7 26. Nf6+ Kh8 27. Rxg7 Kxg7 28. Nh5+ Kh7 29. Nxf4 f6 30. Bxf5+ exf5 31. Qh5+ 1-0